New members - new challenges for the european regional development policy international conference : proceedings : Nový Smokovec - Vysoké Tatry, 27th-30th september 2005
Salvato in:
| Enti autori: | , , , |
|---|---|
| Natura: | Libro |
| Lingua: | inglese slovacco ceco |
| Pubblicazione: |
[Bratislava]
[Národohospodárska fakulta EU]
2005
|
| Soggetti: | |
| Tags: |
Nessun Tag, puoi essere il primo ad aggiungerne!!
|
MARC
| LEADER | 00000nlm$a2200000$$$4500 | ||
|---|---|---|---|
| 001 | 0045902 | ||
| 005 | 20230110125600.2 | ||
| 020 | |a 80-225-2060-8 | ||
| 041 | 0 | |a eng | |
| 041 | 0 | |a slo | |
| 041 | 0 | |a cze | |
| 044 | |a SK | ||
| 245 | 1 | 0 | |a New members - new challenges for the european regional development policy |b international conference : proceedings : Nový Smokovec - Vysoké Tatry, 27th-30th september 2005 |
| 264 | 1 | |a [Bratislava] |b [Národohospodárska fakulta EU] |c 2005 | |
| 300 | |a CD-ROM | ||
| 610 | 2 | 0 | |a politika regionálna |
| 610 | 2 | 0 | |a podnikanie |
| 610 | 2 | 0 | |a vývoj hospodársky |
| 610 | 2 | 0 | |a plánovanie regionálne |
| 610 | 2 | 0 | |a samospráva miestna |
| 610 | 2 | 0 | |a konkurencieschopnosť |
| 610 | 2 | 0 | |a systémy informačné manažérske |
| 610 | 2 | 0 | |a reformy hospodárske |
| 610 | 2 | 0 | |a ruch cestovný |
| 610 | 2 | 0 | |a Slovensko |
| 610 | 2 | 0 | |a Česko |
| 610 | 2 | 0 | |a Rumunsko |
| 610 | 2 | 0 | |a Európska únia |
| 110 | 2 | |a New members - new challenges for the european regional development policy | |
| 710 | 2 | |a Ekonomická univerzita v Bratislave. Národohospodárska fakulta | |
| 710 | 2 | |a Technická univerzita v Košiciach. Fakulta ekonomická | |
| 710 | 2 | |a Society for Regional Research - German Speaking Section of ERSA | |